000 00377 a2200157 4500
001 47395
020 _a9788524916977
040 _cAnchieta - Aquarius
100 _aLÚCIO, Marcos Vinícius
240 1 0 _aNossa bandeira
_lpor
245 1 0 _aNossa bandeira
300 _a40
362 0 _a2011
650 4 _aHistória do Brasil Carta de Pero Vaz de Caminha Geral
942 _cBK
999 _c47395
_d47395